Name All The FNAF Endoskeletons - Statistics

General Stats
  • This quiz has been taken 6 times
  • The average score is 9 of 19
Answer Stats
Hint Answer % Correct
Classic Endo-01
100%
Toy Endo-02
100%
Amalgamation Ennard
80%
Glamrock Glamrock Endo
80%
Nightmare Nightmare Endo
80%
Funtime Yendo
80%
Amalgamation Tangle
60%
Wicked Tide Skin Dark Water Endo
40%
Heatwave Skin Flamethrower Endo
40%
Enemy Endoplush
20%
Enemy Gold Endo
20%
Enemy Mad Endo
20%
Enemy Mad Endo
20%
Enemy Mendo
20%
Enemy Overclock
20%
Protomimic
20%
Enemy Quad Endo
20%
Enemy Security
20%
The Mimic
20%
No matching quizzes found
Score Distribution
Percent of People with Each Score
Percentile by Number Answered
Your Score History
You have not taken this quiz